[Event "AUTO-INT-3956"]
[Site "http://www.queenalice.com/game.php?id=1867687"]
[Date "2026.1.7"]
[Round "1"]
[White "zmanomega"]
[Black "bdpq"]
[Result "0-1"]
[WhiteElo "1691"]
[BlackElo "1633"]

1. e4 d5 2. Nc3 d4 3. Nd5 e5 4. c3 dxc3 5. Nxc3 Bb4 6. Bc4 Bxc3 7. bxc3 Nf6 8.
Qf3 Bg4 9. Qe3 Nc6 10. f3 Bh5 11. g4 Bg6 12. h4 h6 13. h5 Bh7 14. Nh3 O-O 15.
Rg1 Na5 16. Bd3 Nc6 17. g5 Nxh5 18. gxh6 g6 19. f4 Qh4+ 20. Kd1 exf4 21. Qf3 Ne5
22. Qf1 Rad8 23. Be2 f3 24. Bb5 Qxe4 25. Ng5 Qd5 26. c4 Qd4 27. Rb1 Qf4 28. c5
Qf5 29. Rb2 c6 30. Ba4 Ng4 31. Rxg4 Qxg4 32. Kc2 Ng3 33. Qc4 Qxg5 34. d3 Qf6 35.
Kb1 Qf5 36. Rd2 b5 37. cxb6 Rb8 38. Bxc6 Rxb6+ 39. Bb2 Qg5 40. Rg2 Qe5 41. Rh2
f2 42. Qc1 Qe1 43. Rxf2 Qxf2 0-1

[Event "AUTO-INT-3956"]
[Site "http://www.queenalice.com/game.php?id=1867688"]
[Date "2026.1.7"]
[Round "1"]
[White "bdpq"]
[Black "zmanomega"]
[Result "0-1"]
[WhiteElo "1630"]
[BlackElo "1637"]

1. e4 e5 2. d4 Nc6 3. d5 Nd4 4. Be3 Bc5 5. c3 d6 6. Nd2 Ne6 7. dxe6 fxe6 8. Bd3
Bb6 9. Bxb6 axb6 10. Ngf3 Bd7 11. Ng5 Qxg5 12. O-O O-O-O 13. Nc4 Nf6 14. Nxb6+
cxb6 15. Qb3 d5 16. exd5 e4 17. Bc4 exd5 18. Rfd1 Bc6 19. Be2 e3 20. Qxb6 d4 21.
cxd4 Qxg2# 0-1

[Event "AUTO-INT-3958"]
[Site "http://www.queenalice.com/game.php?id=1868409"]
[Date "2026.1.25"]
[Round "1"]
[White "zmanomega"]
[Black "Kn1ght1962"]
[Result "0-1"]
[WhiteElo "1499"]
[BlackElo "1699"]

1. e4 e5 2. Nf3 d6 3. d3 h6 4. b3 a6 5. d4 exd4 6. Nxd4 Nf6 7. f3 Be6 8. Nxe6
fxe6 9. Bc4 Qe7 10. h4 e5 11. Nc3 Nc6 12. a4 Nb4 13. Be2 Nh5 14. Nd5 Qf7 15.
Nxb4 Ng3 16. Rh3 Qg6 17. Nd5 O-O-O 18. Qd3 Nxe2 19. Qxe2 Kb8 20. g4 Be7 21. a5
Qe6 22. b4 h5 23. g5 Qxh3 24. Nxe7 Qxh4+ 25. Kd1 Qh1+ 26. Kd2 h4 27. Bb2 Qh3 28.
b5 Qg3 29. bxa6 Qxg5+ 30. Kd3 Qxe7 31. axb7 Kxb7 32. Ba3 Rb8 33. Kc3 Qd7 34.
Rb1+ Kc8 35. Qa6+ Rb7 36. Qxb7+ Kd8 37. Qb8+ Qc8 38. Qb3 h3 39. Rh1 h2 40. Qc4
Ke7 41. a6 Qh3 42. Qe2 g5 43. Kc4 g4 44. Bc1 g3 45. Bg5+ Kd7 46. Be3 g2 47. Ra1
h1=Q 0-1

[Event "AUTO-INT-3958"]
[Site "http://www.queenalice.com/game.php?id=1868422"]
[Date "2026.1.25"]
[Round "1"]
[White "Jsc"]
[Black "zmanomega"]
[Result "0-1"]
[WhiteElo "1664"]
[BlackElo "1652"]

1. e4 e5 2. Nf3 d6 3. h3 Nf6 4. Nc3 c6 5. Bc4 h6 6. O-O g5 7. Nh2 d5 8. exd5
cxd5 9. Be2 Be6 10. d4 e4 11. a3 a6 12. Be3 Nbd7 13. f4 gxf4 14. Bxf4 h5 15. Bg5
Bd6 16. Rf2 Be7 17. Nf1 Rg8 18. h4 Ng4 19. Bxe7 Qxe7 20. Bxg4 Bxg4 21. Qd2 Qxh4
22. Nxd5 Bh3 23. Nc7+ Kf8 24. Nxa8 Rg5 25. Qb4+ Kg7 26. Nb6 Nf6 27. Qe7 Rg6 28.
Qe5 Kh7 29. Nd5 Kh6 30. Nxf6 Qxf2+ 31. Kh1 Qxg2# 0-1

[Event "AUTO-INT-3958"]
[Site "http://www.queenalice.com/game.php?id=1868423"]
[Date "2026.1.25"]
[Round "1"]
[White "zmanomega"]
[Black "Jsc"]
[Result "0-1"]
[WhiteElo "1669"]
[BlackElo "1647"]

1. e4 e6 2. d4 d5 3. exd5 exd5 4. Nc3 c6 5. Nf3 Be7 6. Ne5 Be6 7. Qf3 Nd7 8. Bd3
h6 9. Bf5 Bxf5 10. Qxf5 Ngf6 11. O-O O-O 12. f3 Re8 13. Qh3 Bf8 14. Qg3 Kh7 15.
Ne2 Qe7 16. Bf4 Nh5 17. Qg4 Nxf4 18. Qxf4 Nxe5 19. dxe5 Qxe5 20. Qxe5 Rxe5 21.
Ng3 Rae8 22. h3 Bc5+ 23. Kh2 Bd6 24. f4 Re3 25. h4 g5 26. Nf5 Bxf4+ 27. Kh1 Re2
28. hxg5 hxg5 29. Kg1 Rxc2 30. b3 Ree2 31. g3 Rg2+ 32. Kh1 Rh2+ 0-1

[Event "AUTO-INT-3958"]
[Site "http://www.queenalice.com/game.php?id=1868430"]
[Date "2026.1.25"]
[Round "1"]
[White "jenyasm"]
[Black "zmanomega"]
[Result "0-1"]
[WhiteElo "1633"]
[BlackElo "1655"]

1. e4 e5 2. Nf3 d6 3. d3 f6 4. Nc3 c6 5. h3 b5 6. a3 a5 7. g3 Ba6 8. Bg2 d5 9.
O-O d4 10. Ne2 Nd7 11. c3 c5 12. Rb1 c4 13. cxd4 cxd3 14. Qxd3 exd4 15. Nfxd4 b4
16. Qf3 Rc8 17. axb4 axb4 18. b3 Bxe2 19. Qxe2 Ne5 20. Nc2 Kf7 21. Nxb4 Bxb4 22.
Qb5 Bd6 23. Qb7+ Kg6 24. f3 Ne7 25. g4 Rc7 26. Qb5 h5 27. Be3 Qf8 28. Rfc1 hxg4
29. fxg4 N7c6 30. Bc5 Bxc5+ 31. Rxc5 Rd7 32. Qe2 Qxc5+ 33. Kh2 Rh4 34. Qe1 Kg5
35. Qf1 g6 36. Kg3 Rd3+ 37. Kh2 Nxg4+ 38. Kh1 Ne3 39. Qxd3 Ne5 40. Qd2 Ng4 41.
b4 Qe5 42. Bf1 Qxe4+ 0-1

[Event "AUTO-INT-3958"]
[Site "http://www.queenalice.com/game.php?id=1868431"]
[Date "2026.1.25"]
[Round "1"]
[White "zmanomega"]
[Black "jenyasm"]
[Result "1-0"]
[WhiteElo "1653"]
[BlackElo "1656"]

1. e4 e5 2. Nf3 Nc6 3. d3 d6 4. d4 exd4 5. Nxd4 Bd7 6. Nxc6 Bxc6 7. Bd3 Nf6 8.
Nd2 g6 9. f3 Qe7 10. O-O d5 11. exd5 Nxd5 12. Nc4 b6 13. Re1 1-0

[Event "AUTO-INT-3959"]
[Site "http://www.queenalice.com/game.php?id=1868940"]
[Date "2026.2.5"]
[Round "1"]
[White "zmanomega"]
[Black "kuntakinte"]
[Result "1-0"]
[WhiteElo "1606"]
[BlackElo "1806"]

1. e4 e5 2. Bc4 c6 3. Nf3 d6 4. d3 b5 5. Bb3 a5 6. c3 Bg4 7. h3 Bh5 8. Be3 a4 9.
Bc2 c5 10. Na3 Nf6 11. Nxb5 Nc6 12. O-O Qb6 13. Bxa4 Bg6 14. b3 Qb8 15. Ng5 h6
16. Nf3 Be7 17. c4 O-O 18. Nh4 Bh5 19. Qd2 Nh7 20. Nf5 Qd8 21. Nxg7 Kxg7 22.
Bxh6+ Kh8 23. Bxf8 Bxf8 24. Nc3 Ne7 25. Rae1 Bg7 26. Ne2 Ng8 27. g4 Bh6 28. f4
Bg6 29. g5 Bxg5 30. fxg5 Nxg5 31. Kg2 Nf6 32. Rh1 Nfh7 33. h4 Ne6 34. Ng3 f6 35.
Qh6 Nf8 36. h5 Bf7 37. Nf5 Ne6 38. Kf2 Qc7 39. Rhg1 Rg8 40. Rxg8+ Bxg8 41. Rg1
Qf7 42. Rg6 Qf8 43. Qe3 Bf7 44. Rh6 Nf4 45. Qg3 Nxh5 46. Qh4 Qg8 47. Rxh5 Bxh5
48. Qxh5 Qd8 49. Qh6 Qg8 50. Be8 Qf8 51. Qxf8+ Nxf8 52. a4 Ne6 53. Nxd6 Nd4 54.
a5 Nxb3 55. a6 1-0

[Event "AUTO-INT-3959"]
[Site "http://www.queenalice.com/game.php?id=1868941"]
[Date "2026.2.5"]
[Round "1"]
[White "kuntakinte"]
[Black "zmanomega"]
[Result "1-0"]
[WhiteElo "1802"]
[BlackElo "1629"]

1. e4 e5 2. Nf3 d6 3. c3 f6 4. d4 Bg4 5. d5 g6 6. Be2 Ne7 7. O-O c6 8. dxc6
Nexc6 9. Nbd2 Nd7 10. b4 h5 11. h3 Be6 12. Bb5 g5 13. Qa4 h4 14. g4 hxg3 15.
Bxc6 bxc6 16. fxg3 Rxh3 17. Qxc6 Rxg3+ 18. Kf2 Rg4 19. Ke1 Rc8 20. Qa4 Rxc3 21.
Qxa7 Rg3 22. Qf2 Rh3 23. Qg2 Rh6 24. Bb2 Rc7 25. a4 d5 26. b5 Bh3 27. Qf2 Bc5
28. Qe2 Bxf1 29. Nxf1 d4 30. Qc4 Rh3 31. Qe6+ Be7 32. Qxh3 Nf8 33. Rd1 Bb4+ 34.
N1d2 Rc2 35. Ba1 Ra2 36. Qf1 Rxa4 37. Kf2 Ra5 38. Nb3 Ra3 39. Nfd2 Qb6 40. Kg2
Bxd2 41. Nxd2 g4 42. Nc4 Ra2+ 43. Kg3 Qc5 44. Kxg4 Qc8+ 45. Kg3 Qe6 46. b6 Qg8+
47. Kf3 Nd7 48. b7 Ke7 49. Rb1 Rh2 50. Rb2 Rh8 51. Rg2 Qb8 52. Rg7+ Kd8 53. Qb1
Re8 54. Qb5 Nf8 55. Qa5+ 1-0

[Event "AUTO-INT-3959"]
[Site "http://www.queenalice.com/game.php?id=1868942"]
[Date "2026.2.5"]
[Round "1"]
[White "zmanomega"]
[Black "game"]
[Result "1-0"]
[WhiteElo "1634"]
[BlackElo "1566"]

1. e4 c5 2. Qf3 Nf6 3. Nc3 e5 4. Bc4 b6 5. Nh3 Nc6 6. Ng5 d5 7. exd5 Nd4 8. Qd3
Ng4 9. O-O Qxg5 10. Qg3 Bd6 11. h3 Nf5 12. Qxg4 Qf6 13. Nb5 Ne3 14. Nxd6+ Qxd6
15. Qxg7 Rf8 16. dxe3 Bd7 17. e4 O-O-O 18. Qxh7 f6 19. Bh6 Rh8 20. Qg6 Be8 21.
Qg4+ Bd7 22. Qh5 Rh7 23. Be2 f5 24. Qg5 Rxh6 25. exf5 Rf6 26. Bf3 Rxf5 27. Qe3
Bb5 28. Rfd1 Ba4 29. Be4 Rf4 30. b3 Bd7 31. Kf1 Rg8 32. Ke2 Rh8 33. Rh1 Rfh4 34.
c4 Rf8 35. g3 Rxh3 36. Rxh3 Bxh3 37. Rh1 Bg4+ 38. f3 Bd7 39. Rh6 Rf6 40. Rh8+
Kb7 41. Qg5 Ka6 42. Qg7 Ka5 43. Rd8 Rf8 44. Rxf8 Qc7 45. Bf5 Kb4 46. Rf7 Kc3 47.
Rxd7 Qc8 48. g4 Kb2 49. Qxe5+ Kxa2 50. Rxa7+ Kxb3 51. Bxc8 Kxc4 52. Ba6+ b5 53.
Qe4+ 1-0

[Event "AUTO-INT-3959"]
[Site "http://www.queenalice.com/game.php?id=1868943"]
[Date "2026.2.5"]
[Round "1"]
[White "game"]
[Black "zmanomega"]
[Result "1-0"]
[WhiteElo "1627"]
[BlackElo "1673"]

1. e4 e5 2. Nf3 d6 3. Bc4 h6 4. d4 exd4 5. Nxd4 Qf6 6. Nc3 c5 7. Bb5+ Nd7 8. Nf3
a6 9. Bc4 Ne5 10. Bd5 Bg4 11. Bxb7 Rb8 12. Bxa6 Nxf3+ 13. Kf1 Ne5 14. Qd2 Qg6
15. Nd5 Nf3 16. gxf3 Bxf3 17. Nc7+ Kd8 18. Rg1 Qf6 19. Qa5 Ke7 20. Nd5+ Ke6 21.
Nxf6 Nxf6 22. Bc4+ 1-0

[Event "AUTO-INT-3959"]
[Site "http://www.queenalice.com/game.php?id=1868944"]
[Date "2026.2.5"]
[Round "1"]
[White "zmanomega"]
[Black "JoseMessias"]
[Result "0-1"]
[WhiteElo "1670"]
[BlackElo "1609"]

1. e4 e5 2. Nf3 d5 3. Bd3 Bg4 4. exd5 Qxd5 5. Be2 Qe4 6. O-O Bc5 7. Qe1 Qxc2 8.
Bb5+ c6 9. Qxe5+ Ne7 10. d4 cxb5 11. dxc5 Nd7 12. Qg5 Bxf3 13. gxf3 Nxc5 14.
Qxg7 Rg8 15. Qxg8+ Nxg8 16. Re1+ Ne7 17. Bg5 Ne6 18. Bf6 Qg6+ 19. Kf1 Qxf6 20.
Nd2 Kd7 21. Rad1 Rg8 22. Ne4+ Qd4 23. Rxd4+ Nxd4 24. Re3 Nef5 25. Nc5+ Kc8 26.
Rd3 Nc2 27. Rd7 Re8 28. Kg2 Ne1+ 29. Kh3 Nxf3 30. Rxf7 Ng1+ 31. Kg4 Nh6+ 0-1

[Event "AUTO-INT-3959"]
[Site "http://www.queenalice.com/game.php?id=1868945"]
[Date "2026.2.5"]
[Round "1"]
[White "JoseMessias"]
[Black "zmanomega"]
[Result "0-1"]
[WhiteElo "1618"]
[BlackElo "1633"]

1. e4 e5 2. Nf3 d6 3. Nc3 c6 4. Bc4 b5 5. Be2 Na6 6. a3 f6 7. Nh4 d5 8. exd5
cxd5 9. Bxb5+ Kf7 10. Qh5+ Ke6 11. O-O Nh6 12. d3 Rg8 13. Re1 Bd6 14. f4 f5 15.
fxe5 Bxe5 16. d4 Ke7 17. Rxe5+ Be6 18. Qe2 Nc7 19. Bxh6 gxh6 20. Nxf5+ Kf8 21.
Nxh6 Rg6 22. Bd3 Rxh6 23. Qf2+ Rf6 24. Bf5 Bg8 25. Rae1 a6 26. Nxd5 Bxd5 27. Qe3
Kg8 28. Qh3 Rf7 29. Qg4+ Rg7 30. Bxh7+ Kxh7 31. Qh3+ Kg8 32. Rh5 Rxg2+ 33. Kf1
Qf8+ 34. Rf5 Qg7 35. Rf2 Bc4+ 36. Ree2 Rg1# 0-1

[Event "AUTO-INT-3961"]
[Site "http://www.queenalice.com/game.php?id=1869691"]
[Date "2026.2.24"]
[Round "1"]
[White "Ticovi"]
[Black "zmanomega"]
[Result "1-0"]
[WhiteElo "1619"]
[BlackElo "1556"]

1. e4 e5 2. Nf3 d6 3. h3 Nf6 4. Nc3 Nc6 5. Bc4 h6 6. d3 g5 7. g4 Na5 8. Bd2 Nc6
9. a3 a6 10. Qe2 Rg8 11. O-O-O Nd4 12. Nxd4 c5 13. Nf5 b5 14. Ba2 Qb6 15. Be3 b4
16. axb4 Qxb4 17. Qd2 Qb6 18. Nd5 Qb7 19. Nxf6+ Kd8 20. Nxg8 Rb8 21. Qa5+ Ke8
22. Nf6# 1-0

[Event "AUTO-INT-3961"]
[Site "http://www.queenalice.com/game.php?id=1869692"]
[Date "2026.2.24"]
[Round "1"]
[White "zmanomega"]
[Black "Ticovi"]
[Result "0-1"]
[WhiteElo "1543"]
[BlackElo "1638"]

1. e4 e5 2. Nf3 Nc6 3. Bc4 h6 4. d4 d6 5. c3 Nf6 6. dxe5 Nxe4 7. O-O dxe5 8.
Qxd8+ Kxd8 9. Rd1+ Nd6 10. Bd5 f6 11. Bb3 Bg4 12. Nbd2 Kd7 13. Nc4 Bxf3 14. gxf3
Rd8 15. f4 Kc8 16. fxe5 Nxc4 17. Bxc4 Rxd1+ 18. Kg2 Nxe5 19. Bb3 Re1 20. Bc2 Bc5
21. b4 Bb6 22. a4 a5 23. Rb1 Nc4 24. Bf5+ Kb8 25. Bd3 Nd6 26. c4 axb4 27. h3 Rd8
28. c5 Bxc5 29. a5 Nc8 30. Bc4 Rdd1 0-1

[Event "AUTO-INT-3961"]
[Site "http://www.queenalice.com/game.php?id=1869705"]
[Date "2026.2.24"]
[Round "1"]
[White "jenyasm"]
[Black "zmanomega"]
[Result "1-0"]
[WhiteElo "1644"]
[BlackElo "1630"]

1. e4 e5 2. Nf3 d6 3. d3 Bg4 4. h3 Be6 5. b3 f6 6. Bb2 Nc6 7. d4 exd4 8. Nxd4
Nxd4 9. Qxd4 c6 10. Bd3 a6 11. Nc3 b5 12. O-O Nh6 13. Ne2 c5 14. Qc3 b4 15. Qe1
d5 16. exd5 Bxd5 17. Rd1 f5 18. a3 a5 19. a4 Bd6 20. Ng3+ Be7 21. Bxg7 Rg8 22.
Bxh6 Qd6 23. Bg5 Rxg5 24. Bxf5 Qf6 25. Rxd5 h5 26. Qe4 h4 27. Ne2 Ra7 28. f4 Rg7
29. Rxc5 Kf7 30. Qd5+ Ke8 31. Rc8+ Bd8 32. Qe6+ Qe7 33. Qxe7+ Raxe7 34. Nd4 Rb7
35. Re1+ Rbe7 36. Rxe7+ Kxe7 37. Bg4 Bb6 38. Rc4 Rf7 39. f5 Ke8 40. Bh5 1-0

[Event "AUTO-INT-3961"]
[Site "http://www.queenalice.com/game.php?id=1869706"]
[Date "2026.2.24"]
[Round "1"]
[White "zmanomega"]
[Black "jenyasm"]
[Result "0-1"]
[WhiteElo "1620"]
[BlackElo "1660"]

1. e4 e5 2. Nc3 d6 3. Nd5 Nf6 4. Nxf6+ Qxf6 5. f3 Be7 6. d3 O-O 7. g3 h6 8. c4
a6 9. a4 Nc6 10. a5 Nd4 11. b4 b5 12. axb6 cxb6 13. Bb2 Rb8 14. Bxd4 exd4 15.
Nh3 b5 16. c5 dxc5 17. bxc5 Bxc5 18. Be2 b4 19. g4 Qh4+ 20. Kd2 Qxh3 21. Qa4 Rb5
22. Rab1 Qh4 23. Bd1 Qg5+ 24. Kc2 Qe3 25. h4 Qf2+ 26. Kb3 Be6# 0-1

[Event "AUTO-INT-3961"]
[Site "http://www.queenalice.com/game.php?id=1869713"]
[Date "2026.2.24"]
[Round "1"]
[White "digger"]
[Black "zmanomega"]
[Result "1-0"]
[WhiteElo "1650"]
[BlackElo "1569"]

1. d4 d5 2. Nf3 f6 3. e3 e6 4. c3 Nc6 5. Qa4 Bd7 6. Qb3 b6 7. Bd3 g5 8. O-O f5
9. Re1 g4 10. Ne5 Nxe5 11. Be2 Nh6 12. dxe5 a5 13. c4 Bc6 14. cxd5 exd5 15. Bb5
Bxb5 16. Qxb5+ Kf7 17. Rd1 c6 18. Qxc6 Be7 19. Rxd5 Qe8 20. Qxb6 Rc8 21. Nc3 Kf8
22. Qxh6+ Kg8 23. Qe6+ Kg7 24. Qxf5 h5 25. Rxa5 Rf8 26. Qd3 Bh4 27. g3 Bg5 28.
Qd4 Kg8 29. Qd5+ Rf7 30. e6 Rg7 31. e7+ Kh8 32. Ra7 Bxe7 33. Bd2 Bg5 34. Ra5 Rd8
35. Qe5 Be7 36. Rd1 Qf7 37. Qxh5+ Rh7 38. Qxg4 Rd3 39. Ne4 Rg7 40. Qc8+ Bd8 41.
Nc5 Rd5 42. Rb5 Rg8 43. e4 Rh5 44. Rb7 Qc4 45. b3 Qd4 46. Ne6 Qd3 47. Bc3+ Qxc3
48. Qxc3+ 1-0

[Event "AUTO-INT-3961"]
[Site "http://www.queenalice.com/game.php?id=1869714"]
[Date "2026.2.24"]
[Round "1"]
[White "zmanomega"]
[Black "digger"]
[Result "0-1"]
[WhiteElo "1599"]
[BlackElo "1642"]

1. e4 e5 2. Nf3 d6 3. d4 Nd7 4. Bg5 f6 5. Be3 c6 6. d5 Qa5+ 7. c3 cxd5 8. exd5
Ne7 9. Bc4 b5 10. Bd3 Ba6 11. b4 Qc7 12. O-O Nb6 13. Nh4 g6 14. Bh6 Bxh6 15. Qg4
Nbxd5 16. Nf3 Nxc3 17. a3 Qc6 18. Qe6 f5 19. Qb3 Ncd5 20. a4 bxa4 21. Qa3 Bxd3
22. Qxd3 Nxb4 23. Qd1 e4 24. Nd4 Qc5 25. Rxa4 a5 26. Ne6 Qc6 27. Nd4 Qc5 28. Ne6
Qc6 29. Na3 d5 30. Nd4 Qb6 31. Qa1 Bg7 32. Rd1 O-O 33. Ne2 Bxa1 34. Rxa1 Nd3 0-1

[Event "Challenge"]
[Site "http://www.queenalice.com/game.php?id=1870139"]
[Date "2026.3.6"]
[Round "-"]
[White "zmanomega"]
[Black "crisvolei"]
[Result "0-1"]
[WhiteElo "1585"]
[BlackElo "1573"]

1. e4 e5 2. Bc4 c6 3. Qf3 Nh6 4. d4 b5 5. Bb3 f5 6. dxe5 d5 7. exd5 Bc5 8. d6
Ng4 9. Be3 Bxe3 10. fxe3 Qg5 11. Ne2 Nxe3 12. Rg1 Qh4+ 13. Ng3 f4 14. Nc3 Qxh2
15. Kf2 g5 16. Nce2 Bg4 17. Qe4 Bh3 18. Nxf4 gxf4 19. Qxf4 Rf8 20. Kxe3 Rxf4 21.
Kxf4 Bxg2 22. Rae1 Qh6+ 23. Kg4 Bh3+ 24. Kf3 Nd7 25. c3 Qf8+ 26. Ke2 Bg4+ 27.
Kd2 Qf4+ 28. Kc2 Nxe5 29. Ne4 Nf3 30. Bg8 Nxe1+ 31. Rxe1 Bf5 32. Bxh7 Bxh7 0-1

[Event "AUTO-INT-3955"]
[Site "http://www.queenalice.com/game.php?id=1871692"]
[Date "2026.4.8"]
[Round "2"]
[White "Quanah4"]
[Black "zmanomega"]
[Result "1-0"]
[WhiteElo "1707"]
[BlackElo "1507"]

1. c4 e5 2. g3 d6 3. Bg2 c6 4. Nc3 Qg5 5. d3 Qf5 6. Bh3 Qg6 7. Bxc8 a5 8. e4 b6
9. Bf5 Qf6 10. Be3 g6 11. Bh3 Ra6 12. Nge2 b5 13. cxb5 cxb5 14. Nxb5 a4 15. Nc7+
Ke7 16. Nd5+ 1-0

[Event "AUTO-INT-3955"]
[Site "http://www.queenalice.com/game.php?id=1871698"]
[Date "2026.4.8"]
[Round "2"]
[White "zmanomega"]
[Black "game"]
[Result "0-1"]
[WhiteElo "1518"]
[BlackElo "1634"]

1. e4 c5 2. Bc4 Nh6 3. d3 d6 4. Bxh6 gxh6 5. Qh5 Qa5+ 6. c3 Kd7 7. Ne2 Ke8 8.
Qxf7+ Kd7 9. Nf4 Nc6 10. Be6+ Kc7 11. Nd5+ Kb8 12. Bxc8 Kxc8 13. O-O Ne5 14.
Nxe7+ Kb8 15. Nd5 Nxf7 0-1

[Event "AUTO-INT-3955"]
[Site "http://www.queenalice.com/game.php?id=1871699"]
[Date "2026.4.8"]
[Round "2"]
[White "game"]
[Black "zmanomega"]
[Result "1-0"]
[WhiteElo "1609"]
[BlackElo "1531"]

1. d4 d5 2. Nf3 f6 3. e3 Bf5 4. Nc3 c6 5. Be2 g5 6. O-O g4 7. Nh4 Bd7 8. Bxg4 e6
9. Bh5+ Ke7 10. b4 Nh6 11. e4 a5 12. e5 f5 13. Bg5# 1-0